Descolonizar el saber, reinventar el poder
Сохранить в:
| Главный автор: | |
|---|---|
| Формат: | |
| Язык: | испанский |
| Опубликовано: |
Santiago
Lom
2013
|
| Редактирование: | 1a. ed |
| Предметы: | |
| Метки: |
Добавить метку
Нет меток, Требуется 1-ая метка записи!
|
MARC
| LEADER | 00000cam a2200000 a 4500 | ||
|---|---|---|---|
| 001 | UCE1468 | ||
| 003 | CL-VaPUC | ||
| 008 | 140414e20130000cl |||||||||||||||||spa|d | ||
| 020 | |a 9789560004529 | ||
| 082 | 0 | 4 | |a 303.44098 |b SAN |2 21 |
| 100 | 0 | |a Santos, Boaventura de Sousa |e author |9 573803 | |
| 245 | 1 | 0 | |a Descolonizar el saber, reinventar el poder |
| 250 | |a 1a. ed | ||
| 300 | |a 120 p | ||
| 942 | |c BK | ||
| 945 | |d 20140414 |a dcastane | ||
| 260 | |a Santiago |b Lom |c 2013 | ||
| 650 | 0 | |a Sociología política |9 255920 | |
| 650 | 0 | |a Derechos humanos |9 223025 | |
| 583 | |a last modification |c 20140424 12:27:25 |k Rodrigo Vera | ||
| 999 | |c 355247 |d 355245 | ||
| 952 | |0 0 |1 0 |3 erb |4 0 |6 303_440980000000000_SAN_2013 |7 0 |8 A |9 461814 |a BIBING |b BIBING |i 5045266 |o 303.44098 SAN 2013 |p 5045266 |r 2025-01-20 |w 2019-11-23 |y BK |z Catalogado en:20140414 |k GEO | ||
| 952 | |0 0 |1 0 |3 erb |4 0 |6 303_440980000000000_SAN_2013 |7 0 |8 A |9 461815 |a BIBING |b BIBING |i 5143853 |o 303.44098 SAN 2013 |p 5143853 |r 2025-01-20 |w 2019-11-23 |y BK |z Catalogado en:20150402 |k GEO | ||